| 000 | 00409 a2200121 4500 | ||
|---|---|---|---|
| 001 | ART_29936 | ||
| 005 | 20260410162002.0 | ||
| 008 | 260409a | ||
| 245 | 1 | 0 | _aTragedia y derechos: repensando los comienzos de la modernidad política |
| 100 | 1 | _aFilippi, Alberto | |
| 700 | 1 | _aRinesi, Eduardo | |
| 773 | 0 |
_tCuadernos de la Escuela del Servicio de Justicia _g- Nº 1 (sep. 2014) _wREV29921 |
|
| 999 |
_c31396 _d31396 |
||